| 000 | 00341nam a2200121Ia 4500 | ||
|---|---|---|---|
| 008 | 220216s9999 xx 000 0 und d | ||
| 100 | _aPillay P N R | ||
| 245 | 0 | _aEffect of defoliation on the yield of Hevea | |
| 260 |
_bIRRDB Scientific Symposium, Part 1, India, 1974 _c1974 |
||
| 700 | _aGeorge M K | ||
| 700 | _aThankamma L | ||
| 942 | _cJS | ||
| 999 |
_c57777 _d57777 |
||